=LDR 00000nam 2200000 4500 =001 INLIS000000000044893 =005 20131008110852 =008 ***********************************Ind** =035 ##$$0010-101300000002815 =041 ##$$a Ind =082 ##$$a 930 =090 ##$$a 930, Ber b =245 ##$$a Berkala Arkologi, Penyunting, Indah Asikin Muraini, Editor, Inajati Adrisijanti, Daud Aris Tunudirjo =260 ##$$a 2011 $b Yogyakarta =300 ##$$a Jil hlm., ilus, 25 cm =650 ##$$a Arkeologi - Jurnal =850 ##$$a NBPNMAT